| 000 | 02013cam a22004814i 4500 | ||
|---|---|---|---|
| 003 | PE-LiUPU | ||
| 005 | 20250731173341.0 | ||
| 008 | 150706s2006 sp rb 000 0 spa d | ||
| 020 | _a8430116060 | ||
| 035 | _a(Sirsi) i9788430116065 | ||
| 040 |
_aPE-LiUPU _bspa _cPE-LiUPU _erda |
||
| 049 | _aPRUA | ||
| 082 | 0 | 4 |
_a222.11 _bA57 _221 |
| 100 | 1 |
_aAndiñach, Pablo R., _eautor. |
|
| 245 | 1 | 3 |
_aEl libro del Éxodo / _cPablo R. Andiñach. |
| 264 | 1 |
_aSalamanca : _bEdiciones Sígueme, _c2006. |
|
| 300 |
_a496 páginas ; _c22 centímetros. |
||
| 336 |
_atext _2rdacontent |
||
| 337 |
_aunmediated _2rdamedia |
||
| 338 |
_avolume _2rdacarrier |
||
| 490 | 0 |
_aBiblioteca de Estudios Bíblicos ; _v119 |
|
| 504 | _aIncluye bibliografía. | ||
| 505 | 0 | _aIsrael en Egipto (1,1-12,36)21 -- Israel es oprimido en Egipto (1,1-22) -- Nacimiento de Moisés y periodo en Median (2,1-4,31) -- Moisés en Egipto (5,1-12,36).- de Egipto al Sinaí -- De Ramsés a Sucot (12,37-13,19) -- De suco a Etam (13,20-22) -- De Etam al Mar (14,1-15,21) -- LA ALIANZA EN EL SINAI -- La ALIANZA (19,1-20,21) -- El código de la alianza (20,22-23,33) -- Ratificación de la alianza (24,1-18). | |
| 526 | _aSEG42 | ||
| 526 | _aSEG41 | ||
| 526 | _aSEG40 | ||
| 526 | _aSEG39 | ||
| 526 | _aP94 | ||
| 526 | _aP87 | ||
| 526 | _aP86 | ||
| 526 | _aP85 | ||
| 526 | _aP77 | ||
| 526 | _aP76 | ||
| 526 | _aP35 | ||
| 541 | _g007-0020316; | ||
| 630 |
_aBiblia. _pA.T. _pExodo _xComentarios. |
||
| 910 |
_agl _bjv _cng _d20090910 |
||
| 942 |
_2ddc _cBOOK |
||
| 949 |
_a222.11 A57 _wDEWEY _c1 _i60311 _d2016-5-27 _e2016-5-26 _lCCODEBUL1 _mBUL _n3 _p34.00 _r0 _sY _tBOOK _u2015-7-6 _xTEOLOGIA _zUNKNOWN _0COMPRA _o.STAFF. Colección General |
||
| 994 |
_aC0 _bPEPRU |
||
| 596 | _a1 | ||
| 999 |
_a222.11 A57 _wDEWEY _c49772 _i60311 _d49772 _e2016-5-26 _f2021-11-9 _g5 _lCCODEBUL1 _mBUL _n3 _p34.00 _r0 _sY _tBOOK _u2015-7-6 _xTEOLOGIA _PP35 _0COMPRA _o.STAFF. Colección Teología |
||
| 980 |
_81 _gALBERTO SANCHEZ Responsable de Automatización |
||